000 01316nam a22003737a 4500
003 CHAP
005 20220329143350.0
008 081226s1999 co a r 00010 spa d
010 _a95567
011 _a96539
020 _a9701504690
035 _a107193
040 _cCHAP
082 0 4 _a670.4275
_bC86
100 1 _aCreus Solé, Antonio.
_928922
245 1 0 _aControl de procesos industriales :
_bcriterios de implantación
_c/por Antonio Creus Solé
260 _aSantafé de Bogotá :
_bAlfaomega,
_cc1999
300 _a139 p. :
_bilus.
490 0 _aProdúctica
_v; 16
590 _aBATCH-UPD
_b10
_c20130110
_lUCH01
_h0456
590 _aBATCH-UPD
_b10
_c20130111
_lUCH01
_h0004
590 _aBATCH-UPD
_b10
_c20130410
_lUCH01
_h0133
590 _aBATCH-UPD
_b10
_c20130410
_lUCH01
_h1649
590 _aBATCH-UPD
_b10
_c20130914
_lUCH01
_h1920
590 _aCONVERSION
_b10
_c20130109
_lUCH01
_h1353
650 0 4 _aPlantas industriales.
_989009
650 0 4 _aProcesamiento industrial.
_991820
650 0 4 _aProyectos industriales.
_992531
830 0 _aProdúctica
_v; 16
_991857
901 _aBK
942 _cLIBRO
949 _a670.4275 C86
_bBC
_cLIBRO
_d33724002075207
_eLIBRO
_gI. c/e
_h110204
_i107193
_sb
_t$178.00
949 _a670.4275 C86
_bBC
_cLIBRO
_d33724002075363
_eLIBRO
_fc.2
_gI.c/e
_h110205
_i107193
_sb
_t$178.00
999 _c95567
_d95567